Padya prabha (Record no. 148093)

MARC details
000 -LEADER
fixed length control field 00565nam a2200205Ia 4500
003 - CONTROL NUMBER IDENTIFIER
control field OSt
005 - DATE AND TIME OF LATEST TRANSACTION
control field 20260224160401.0
008 - FIXED-LENGTH DATA ELEMENTS--GENERAL INFORMATION
fixed length control field 210210b1986 xxu||||| |||| 00| 0 eng d
040 ## - CATALOGING SOURCE
Transcribing agency AL
041 ## - LANGUAGE CODE
Language code of text/sound track or separate title Hindi
082 ## - DEWEY DECIMAL CLASSIFICATION NUMBER
Classification number 861/150
100 ## - MAIN ENTRY--PERSONAL NAME
Personal name SHARMA (Harishanker) Ed
Dates associated with a name शर्मा (हरिशंकर)
9 (RLIN) 256649
245 ## - TITLE STATEMENT
Title Padya prabha
Remainder of title पद्य प्रभा
260 ## - PUBLICATION, DISTRIBUTION, ETC.
Place of publication, distribution, etc. ShrInagar
Name of publisher, distributor, etc. Ramprasad End Sans
Date of publication, distribution, etc. 1986
650 ## - SUBJECT ADDED ENTRY--TOPICAL TERM
Topical term or geographic name entry element prabha
9 (RLIN) 256650
650 ## - SUBJECT ADDED ENTRY--TOPICAL TERM
Topical term or geographic name entry element Padya
9 (RLIN) 256651
690 ## - LOCAL SUBJECT ADDED ENTRY--TOPICAL TERM (OCLC, RLIN)
Topical term or geographic name as entry element Hindi Poetry
9 (RLIN) 256652
906 ## - LOCAL DATA ELEMENT F, LDF (RLIN)
a 023170
942 ## - ADDED ENTRY ELEMENTS (KOHA)
Source of classification or shelving scheme Dewey Decimal Classification
Koha item type Book
Holdings
Withdrawn status Lost status Source of classification or shelving scheme Damaged status Not for loan Collection code Home library Current library Shelving location Date acquired Cost, normal purchase price Total Checkouts Full call number Barcode Date last seen Price effective from Koha item type
    Dewey Decimal Classification     Hindi St Aloysius Library St Aloysius Library   02/17/2021 0.00   861/150 023170 02/17/2021 02/17/2021 Book